Etudy Jacka Nicholsona

Bibliographic Details
Main Author: Moravčík, Milan (redaktor) (Author)
Format: Article
Language:Slovak
Subjects:

MARC

LEADER 00000nab a2200000 ar4500
001 vtls009352546
005 20260303090700.0
008 081023c19740104xo |r|p|||||||000 b|slo
015 |a SNBRB1974 
040 |a SNKBUCL  |b slo  |c SNKBUCL  |e AACR2 
041 |a slo 
044 |a xo  |c SK 
080 |a 791.43(73)  |2 1997 
100 1 |a Moravčík, Milan  |c (redaktor)  |4 aut  |9 5073 
245 1 0 |a Etudy Jacka Nicholsona  |c Milan Moravčík 
600 1 7 |a Nicholson, Jack,  |d 1937-  |2 SNKMA  |9 264963 
630 0 7 |a Malé životné etudy (film)  |2 SNKPHunif  |9 1047436 
655 7 |a recenzie  |2 SNKPH  |9 21907 
773 0 |t Práca  |g (4.1.1974), s. 6 
852 |a SNK 
958 |a RC 
999 |c 2523713  |d 2525643